00458cam a2200133 a 4500040000800000082002600008245009200034260008500126300002400211500001700235650001600252650003600268710002000304 cDLC00a363 SCE 1984 C152 Or.00a1983 air pollution measurements of the South Carolina air quality surveillance network. a[Columbia] :bSouth Carolina Dept. of Health and Environmental Control,c[1984?] a24 leaves ;c28 cm. aCover title. 0aAir quality 0aAir quality monitoring stations1 aSouth Carolina.